Φόβοι και αγωνία στην εφηβεία

Αποθηκεύτηκε σε:
Λεπτομέρειες βιβλιογραφικής εγγραφής
Κύριος συγγραφέας: Βάμβουκας, Μιχαήλ Ι.
Μορφή: Βιβλίο
Γλώσσα:Greek
Δημοσίευση: Αθήνα : [χ.ό.], 1978
Σειρά:Εργαστήριον πειραματικής παιδαγωγικής. Επιστημονικές έρευνες ; ; 3
Θέματα:
Ετικέτες: Προσθήκη ετικέτας
Δεν υπάρχουν, Καταχωρήστε ετικέτα πρώτοι!

MARC

LEADER 00000nam a2200000 i 4500
001 1/76721
008 970211s1978 gre d
035 |a 1995  |b 1  |c Δωρεά  |l 10032482 
040 |a GR-MY-UA  |b gre  |e aacr 
041 0 |a gre 
082 0 |a 155.5 
100 1 |a Βάμβουκας, Μιχαήλ Ι. 
245 1 0 |a Φόβοι και αγωνία στην εφηβεία /  |c Μιχαήλ Ι. Βάμβουκα 
260 |a Αθήνα :   |b [χ.ό.],   |c 1978 
300 |a 100 σ. 
490 1 |a Εργαστήριον πειραματικής παιδαγωγικής. Επιστημονικές έρευνες  |v ; 3 
650 0 0 |a Adolescent psychology. 
650 0 0 |a Developmental psychology. 
830 0 |a Εργαστήριον πειραματικής παιδαγωγικής. Επιστημονικές έρευνες ;  |v ; 3 
852 |a INST  |b RHODES  |e 19970211  |h 155.5 ΒΑΒ  |p 005400007200  |q 005400007200  |t BK  |y 0 
901 |a BIBL4-2000-2 
909 |a Ρ  |b 042775  |c 1995 
922 |a 4ΔΩΡ  |b 199504 
970 |z 2000/08/ΔΕΜΕΝΑΓΑΣ ΠΕΤΡΟΣ